<?xml version="1.0" encoding="UTF-8"?>
<record
    xmlns:xsi="http://www.w3.org/2001/XMLSchema-instance"
    xsi:schemaLocation="http://www.loc.gov/MARC21/slim http://www.loc.gov/standards/marcxml/schema/MARC21slim.xsd"
    xmlns="http://www.loc.gov/MARC21/slim">

  <leader>01264nam a22001817a 4500</leader>
  <controlfield tag="003">IT-RoPau</controlfield>
  <controlfield tag="005">20220918175938.0</controlfield>
  <controlfield tag="008">130124b        xxu||||| |||| 00| 0 eng d</controlfield>
  <datafield tag="040" ind1=" " ind2=" ">
    <subfield code="c">IT-RoPau</subfield>
  </datafield>
  <datafield tag="100" ind1=" " ind2=" ">
    <subfield code="a">Merlo , Tecla</subfield>
    <subfield code="9">238</subfield>
  </datafield>
  <datafield tag="245" ind1=" " ind2=" ">
    <subfield code="a">Conferenze Prima Maestra Tecla</subfield>
    <subfield code="b">Marzo 1957 - Dicembre 1960</subfield>
  </datafield>
  <datafield tag="250" ind1=" " ind2=" ">
    <subfield code="a">III</subfield>
  </datafield>
  <datafield tag="260" ind1=" " ind2=" ">
    <subfield code="a">Roma</subfield>
    <subfield code="b">Tip. FSP</subfield>
    <subfield code="c">1966</subfield>
  </datafield>
  <datafield tag="300" ind1=" " ind2=" ">
    <subfield code="a">183 p.</subfield>
    <subfield code="c">14,5 cm</subfield>
  </datafield>
  <datafield tag="490" ind1=" " ind2=" ">
    <subfield code="a">Edizioni Paoline</subfield>
    <subfield code="v">I</subfield>
  </datafield>
  <datafield tag="520" ind1=" " ind2=" ">
    <subfield code="a">Indice

La Povert&#xE0;
Le penitenze delle Figlie di San Paolo:
     osservanza delle Costituzioni
Essere contente
Lettura dei libri del Primo Maestro -
       carit&#xE0; vicendevole
Convivenza serena nella vita comune
Esortazione alle varie virt&#xF9; religiose
Amore a DIo e alle anime
Uniformit&#xE0; alla volont&#xE0; di Dio - Prud-
     denza nel parlare
Spirito miissionario
La carit&#xE0;
Imitare S. Paolo nel fervore - Amo-
    re alle anime
Sentire l'apostolato per le anime
Il Paradiso
Fervore e osservanza religiosa
La povert&#xE0;
Docilit&#xE0; - Portare la croce
L'umilt&#xE0;
Piet&#xE0; e docilit&#xE0;
La piet&#xE0; paolina
Pensieri di conclusione, corso straor-
      dinario esercizi spirituali
L'Obbedienza
Breve saluto alla Comunit&#xE0; di Roma
Ultimo saluto alla Comunit&#xE0; di Roma
Ultime parole che si sono potute re-
     gistrare  
 </subfield>
  </datafield>
  <datafield tag="942" ind1=" " ind2=" ">
    <subfield code="2">ddc</subfield>
    <subfield code="c">BK</subfield>
  </datafield>
  <datafield tag="999" ind1=" " ind2=" ">
    <subfield code="c">37837</subfield>
    <subfield code="d">37837</subfield>
  </datafield>
  <datafield tag="952" ind1=" " ind2=" ">
    <subfield code="0">0</subfield>
    <subfield code="1">0</subfield>
    <subfield code="2">ddc</subfield>
    <subfield code="4">0</subfield>
    <subfield code="6">P_D3</subfield>
    <subfield code="7">1</subfield>
    <subfield code="a">PAULUS</subfield>
    <subfield code="b">PAULUS</subfield>
    <subfield code="d">2013-01-24</subfield>
    <subfield code="l">0</subfield>
    <subfield code="o">P D3</subfield>
    <subfield code="r">2013-01-24 00:00:00</subfield>
    <subfield code="w">2013-01-24</subfield>
    <subfield code="y">BK</subfield>
  </datafield>
</record>
